| 000 | 00624nam a22001932 4500 | ||
|---|---|---|---|
| 001 | 0000007355 | ||
| 005 | 20151217155834.0 | ||
| 008 | 080115s xx 000 0 eng d | ||
| 020 |
_a9966948872 : _cKES |
||
| 040 |
_aKABU _cKABU |
||
| 100 | 1 |
_aAkoten, John E. _@0000158571 |
|
| 245 | 1 | 0 |
_aTransformation of an industrial claster : _bthe case of metalworking in Nairobi / _cJohn E. Akoten. |
| 260 |
_aNairobi : _bIPAR, _c2007. |
||
| 300 | _aiv, 35 p. | ||
| 650 | 0 |
_aMetalworking industries _cNairobi _zKenya. _@0000158572 |
|
| 908 | _a080115 | ||
| 950 | _@1 | ||
| 999 |
_c13082 _d13082 |
||